Glass Jaw A Manifesto For Defending Fragile Reputations In An Age Of Instant Scandal (Record no. 41392)

MARC details
000 -LEADER
fixed length control field 00421nam a2200145Ia 4500
008 - FIXED-LENGTH DATA ELEMENTS--GENERAL INFORMATION
fixed length control field 240719s9999 xx 000 0 und d
041 ## - LANGUAGE CODE
Language code of text/sound track or separate title eng
082 ## - DEWEY DECIMAL CLASSIFICATION NUMBER
Classification number 659.2 DEZ
100 ## - MAIN ENTRY--PERSONAL NAME
Personal name Dezenhall, Eric
245 ## - TITLE STATEMENT
Title Glass Jaw A Manifesto For Defending Fragile Reputations In An Age Of Instant Scandal
260 ## - PUBLICATION, DISTRIBUTION, ETC.
Place of publication, distribution, etc. New York
Name of publisher, distributor, etc. New York
Date of publication, distribution, etc. 2014
300 ## - PHYSICAL DESCRIPTION
Extent 274;. P. 24 Cm
365 ## - TRADE PRICE
Currency code
Price amount 27
520 ## - SUMMARY, ETC.
Summary, etc. Gifted By : IMT Faculty
Holdings
Withdrawn status Lost status Damaged status Not for loan Home library Current library Shelving location Date acquired Full call number Barcode Date last seen Price effective from Koha item type Public note
        IMTN IMTN Rack 35-B 07/17/2023 659.2 DEZ 33087 07/19/2024 07/19/2024 Books Gifted
Designed & Maintained by: LRC IMT Nagpur Contact: lrc@imtnag.ac.in© 2024. All Rights Reserved.